LEADER 01130nam0 2200301 450 001 000029046 005 20120821133938.0 010 $a978-88-96004-98-2 100 $a20120810d2011----km-y0itay50------ba 101 0 $aita 102 $aIT 105 $ay-------001yy 200 1 $aEtica e attivitò mercantile alla fine del XV secolo$eLuca da Borgo tra Bernardino da Siena e Antonino da Firenze$fGiuseppe Catturi 210 $a[Roma]$cRIREA$dstampa 2011 215 $a94 p.$d24 cm 225 2 $aQMR(Quaderni Monografici Rirea)$v97 300 $aAllegato alla Rivista italiana di Ragioneria e di Economia Aziendale 11-12/2011(n. sist. 000001925) 410 0$12001$aQMR(Quaderni Monografici Rirea) 500 10$aEtica e attivitò mercantile alla fine del XV secolo$941446 610 1 $aMecranti$aItalia$aSec. XV 610 1 $aEconomia$aMorale 676 $a380.1$v21 700 1$aCatturi,$bGiuseppe$0113591 801 0$aIT$bUNIPARTHENOPE$c20120810$gRICA$2UNIMARC 912 $a000029046 951 $aQMR/657/97$b43781$cNAVA1$d2012 996 $aEtica e attivitò mercantile alla fine del XV secolo$941446 997 $aUNIPARTHENOPE